[Event "Titled Tuesday intern op 12th Mar Late"]
[Site "Chess.com INT"]
[Date "2024.03.12"]
[Round "2"]
[White "Kostiukov, Alexandr"]
[Black "Lodici, Lorenzo"]
[Result "0-1"]
[WhiteElo "2271"]
[BlackElo "2558"]
[PlyCount "48"]
[EventDate "2024.03.12"]
[EventType "swiss (blitz)"]
[EventRounds "11"]
[EventCountry "USA"]
[SourceTitle "CB12_2024"]
[SourceDate "2023.10.01"]
[SourceVersion "1"]
[SourceVersionDate "2023.10.01"]
[SourceQuality "1"]

1. g3 d5 2. Bg2 c6 3. d3 e5 4. e4 dxe4 5. dxe4 Qc7 6. Nf3 Nd7 7. 0-0 Nc5 8. Qe2 Bg4 9. h3 Bh5 10. g4 Bg6 11. Nh4 Nf6 12. Nxg6 hxg6 13. Bg5 Ne6 14. Bxf6 gxf6 15. Nd2 Bc5 16. Nb3 Bb6 17. a4 a5 18. Rad1 Rh4 19. Qf3 Ke7 20. Rd2 Rah8 21. Rfd1 Nf4 22. Qc3 Nxh3+ 23. Kf1 Nf4 24. Nc5 Rh1+ 0-1

[Event "Kragero op"]
[Site "Kragero"]
[Date "2024.02.21"]
[Round "2"]
[White "Vinter Schou, Uffe"]
[Black "Lodici, Lorenzo"]
[Result "0-1"]
[WhiteElo "2354"]
[BlackElo "2554"]
[PlyCount "92"]
[EventDate "2024.02.21"]
[EventType "swiss"]
[EventRounds "9"]
[EventCountry "NOR"]
[SourceTitle "CB09_2024"]
[SourceDate "2024.02.28"]
[SourceVersion "1"]
[SourceVersionDate "2024.02.28"]
[SourceQuality "1"]

1. Nf3 Nf6 2. c4 b6 3. g3 Bb7 4. Bg2 g6 5. 0-0 Bg7 6. d4 0-0 7. Nc3 Ne4 8. Nxe4 Bxe4 9. Be3 Re8 10. Qd2 e6 11. Rac1 Nc6 12. Rfd1 a5 13. Bg5 Qc8 14. h4 Qb7 15. Qf4 f5 16. d5 Nd8 17. Qd2 Nf7 18. Be3 exd5 19. cxd5 c5 20. dxc6 dxc6 21. Bd4 Rad8 22. Qc3 Rxd4 23. Rxd4 c5 24. Rxe4 fxe4 25. Qe3 Qd5 26. Ng5 Bh6 27. Qb3 Qxb3 28. axb3 Bxg5 29. hxg5 Nxg5 30. Rd1 Kf7 31. Kf1 Ke6 32. f4 exf3 33. exf3 Ke7 34. f4 Ne6 35. Re1 Kd6 36. Bh3 Re7 37. Bxe6 Rxe6 38. Rd1+ Kc6 39. Kf2 Rd6 40. Rh1 Rd2+ 41. Kf3 Rxb2 42. Rxh7 Rxb3+ 43. Kg4 a4 44. Rh6 Kb5 45. Rxg6 a3 46. Rg8 Rb4 0-1

[Event "Chessable Masters Play In"]
[Site "Chess.com INT"]
[Date "2024.01.31"]
[Round "2"]
[White "Muradli, Mahammad"]
[Black "Lodici, Lorenzo"]
[Result "1-0"]
[WhiteElo "2555"]
[BlackElo "2548"]
[PlyCount "153"]
[EventDate "2024.01.31"]
[EventType "swiss (rapid)"]
[EventRounds "9"]
[EventCountry "USA"]
[SourceTitle "CB06_2024"]
[SourceDate "2024.02.07"]
[SourceVersion "1"]
[SourceVersionDate "2024.02.07"]
[SourceQuality "1"]

1. Nf3 b6 2. g3 Bb7 3. Bg2 g6 4. 0-0 Bg7 5. Re1 Nf6 6. c4 0-0 7. Nc3 Ne4 8. Nxe4 Bxe4 9. d3 Bb7 10. e4 c5 11. d4 cxd4 12. Nxd4 Nc6 13. Be3 Nxd4 14. Bxd4 Bxd4 15. Qxd4 Qc7 16. Rad1 Rfd8 17. Rd2 Rac8 18. b3 Qc5 19. Qb2 d6 20. h4 h5 21. Red1 Re8 22. e5 Bxg2 23. exd6 Bf3 24. d7 Bxd1 25. dxe8Q+ Rxe8 26. Rxd1 Qc7 27. Qd4 e5 28. Qe4 Kg7 29. Rd5 Re6 30. Qd3 Re7 31. b4 Qc6 32. a3 e4 33. Qd4+ Qf6 34. Qe3 Qb2 35. c5 bxc5 36. bxc5 Kh7 37. Kg2 Qc2 38. Rd8 Qc4 39. Qg5 Qe6 40. Qe3 Qe5 41. c6 Rc7 42. Rd7 Rxd7 43. cxd7 Qd5 44. Qxa7 e3+ 45. Kh2 exf2 46. d8Q Qxd8 47. Qxf7+ Kh6 48. Qxf2 Qd3 49. a4 Qa3 50. Qc2 Qb4 51. Qa2 Qa5 52. Qb2 Kh7 53. Qc2 Kh6 54. Kh3 Kh7 55. Qe4 Kh6 56. Qf4+ Kh7 57. Qf7+ Kh6 58. Qf4+ Kh7 59. Qe4 Kh6 60. Kg2 Qd2+ 61. Kf3 Qd1+ 62. Ke3 Qe1+ 63. Kd4 Qb4+ 64. Ke5 Qc3+ 65. Kd6 Qxg3+ 66. Ke6 Qg4+ 67. Ke5 Qd7 68. Qd4 Qe7+ 69. Kd5 Qd7+ 70. Ke4 Qg4+ 71. Kd3 Qf3+ 72. Qe3+ Qxe3+ 73. Kxe3 g5 74. a5 gxh4 75. a6 h3 76. a7 h2 77. a8Q 1-0

[Event "ITA-ch 82nd"]
[Site "Brescia"]
[Date "2023.12.02"]
[Round "5"]
[White "Lodici, Lorenzo"]
[Black "Carnicelli, Valerio"]
[Result "1-0"]
[WhiteElo "2545"]
[BlackElo "2423"]
[PlyCount "151"]
[EventDate "2023.11.28"]
[EventType "tourn"]
[EventRounds "11"]
[EventCountry "ITA"]
[EventCategory "9"]
[SourceTitle "CB50_2023"]
[SourceDate "2023.12.13"]
[SourceVersion "1"]
[SourceVersionDate "2023.12.13"]
[SourceQuality "1"]

1. c4 Nf6 2. Nc3 g6 3. d4 d5 4. Bg5 Bg7 5. Bxf6 Bxf6 6. cxd5 c5 7. dxc5 Nd7 8. c6 Nc5 9. e3 bxc6 10. Bc4 Rb8 11. dxc6 Qa5 12. c7 Qxc7 13. Nge2 Rxb2 14. 0-0 0-0 15. Qc1 Rb8 16. Nd5 Qd6 17. Nxf6+ Qxf6 18. Nf4 Ba6 19. Bxa6 Nxa6 20. Qa3 Rfd8 21. Rad1 Rxd1 22. Rxd1 Qd6 23. Qxd6 exd6 24. g4 Rb2 25. Rxd6 Rxa2 26. Nd5 h6 27. h4 Nc5 28. Nf6+ Kg7 29. g5 hxg5 30. hxg5 Ne6 31. f4 Re2 32. Rd3 a6 33. Ra3 Nc5 34. Rc3 Ne6 35. Rc8 Nf8 36. Ng4 Nd7 37. Rd8 Nf8 38. Ra8 Nd7 39. Rxa6 Nc5 40. Ra7 Rb2 41. Nf6 Ne6 42. Ra8 Nxg5 43. Ne8+ Kh6 44. fxg5+ Kxg5 45. Ra4 Re2 46. Re4 f5 47. Kf1 Ra2 48. Rb4 Rc2 49. Rd4 Kh6 50. Nd6 Kg5 51. Rf4 Ra2 52. Ke1 Rc2 53. Ra4 Rh2 54. Nb5 Kh5 55. Rf4 Kg5 56. Nd4 Kf6 57. Nf3 Ra2 58. Rb4 Ra6 59. Rb8 Rc6 60. Nd4 Ra6 61. Kf2 Rd6 62. Kf3 Ra6 63. Rc8 Rb6 64. Rc4 Ra6 65. Rb4 Ke5 66. Rb5+ Kf6 67. Rc5 Rb6 68. Rc6+ Rxc6 69. Nxc6 g5 70. Nb4 Ke5 71. Nd3+ Kd5 72. Nf2 Kc4 73. Ke2 Kc3 74. Nh3 g4 75. Nf4 Kc4 76. Kd2 1-0

[Event "ITA-ch 82nd"]
[Site "Brescia"]
[Date "2023.12.01"]
[Round "4"]
[White "Moroni, Luca Jr"]
[Black "Lodici, Lorenzo"]
[Result "0-1"]
[WhiteElo "2587"]
[BlackElo "2545"]
[PlyCount "148"]
[EventDate "2023.11.28"]
[EventType "tourn"]
[EventRounds "11"]
[EventCountry "ITA"]
[EventCategory "9"]
[SourceTitle "CB50_2023"]
[SourceDate "2023.12.13"]
[SourceVersion "1"]
[SourceVersionDate "2023.12.13"]
[SourceQuality "1"]

1. c4 e5 2. g3 Nc6 3. Bg2 g6 4. Nc3 Bg7 5. e3 f5 6. Nge2 Nf6 7. Rb1 a5 8. 0-0 d6 9. b3 0-0 10. d3 Be6 11. Nd5 Qd7 12. Nec3 Rab8 13. Qd2 Bf7 14. Bb2 Nxd5 15. Nxd5 b5 16. Rfc1 b4 17. c5 Rb5 18. Nxc7 Rxc5 19. Na6 Rxc1+ 20. Rxc1 d5 21. d4 exd4 22. exd4 Qd6 23. Nc5 f4 24. Re1 fxg3 25. hxg3 Rc8 26. Rc1 Rc7 27. Kh2 h5 28. f4 Bf6 29. Qf2 Ne7 30. Re1 h4 31. Bh3 Nc6 32. Be6 Nxd4 33. Bxd4 Bxd4 34. Bxf7+ Kxf7 35. Qxd4 Qxc5 36. Qxc5 Rxc5 37. Re2 d4 38. Rd2 Rd5 39. gxh4 Kf6 40. Kg3 Kf5 41. Kf3 d3 42. Ke3 Rd7 43. Kf3 Rd8 44. Ke3 Kg4 45. Rg2+ Kh3 46. Rd2 Kg3 47. h5 gxh5 48. f5 Re8+ 49. Kxd3 Re5 50. f6 Rf5 51. Kc4 Rxf6 52. Rd5 Rf4+ 53. Kb5 Kg4 54. Ka4 Rf5 55. Rd4+ Kg5 56. Rd1 h4 57. Rg1+ Kf4 58. Rf1+ Ke4 59. Re1+ Kd3 60. Rh1 Rh5 61. Rh3+ Ke2 62. a3 bxa3 63. Kxa3 Kf2 64. Kb2 Kg2 65. Rc3 h3 66. Rc2+ Kg3 67. Rc3+ Kf4 68. Rc4+ Ke3 69. Rc3+ Kd4 70. Rc4+ Kd5 71. Ra4 Ke6 72. Re4+ Kf6 73. Rf4+ Kg6 74. Rg4+ Kh6 0-1

[Event "ITA-ch 82nd"]
[Site "Brescia"]
[Date "2023.11.29"]
[Round "2"]
[White "Gilevich, Artem"]
[Black "Lodici, Lorenzo"]
[Result "1-0"]
[WhiteElo "2408"]
[BlackElo "2545"]
[PlyCount "91"]
[EventDate "2023.11.28"]
[EventType "tourn"]
[EventRounds "11"]
[EventCountry "ITA"]
[EventCategory "9"]
[SourceTitle "CB50_2023"]
[SourceDate "2023.12.13"]
[SourceVersion "1"]
[SourceVersionDate "2023.12.13"]
[SourceQuality "1"]

1. e4 c5 2. Nf3 Nc6 3. Bb5 a6 4. Bxc6 dxc6 5. 0-0 Bg4 6. h3 Bh5 7. d3 Qc7 8. Be3 e5 9. Nbd2 f6 10. a3 g5 11. b4 cxb4 12. axb4 Nh6 13. Qe2 Bxb4 14. g4 Nxg4 15. hxg4 Bxg4 16. Rfb1 c5 17. Rb3 Be6 18. c3 Bxb3 19. Nxb3 Bxc3 20. Rc1 Bb4 21. Nxc5 Qf7 22. Nxe5 fxe5 23. Qb2 0-0 24. Qxb4 Rac8 25. Rb1 Rc7 26. Qb6 Rfc8 27. Qd6 Re8 28. Rb6 g4 29. Ne6 Rc6 30. Rxc6 bxc6 31. Nc7 Re7 32. Nxa6 Qe6 33. Qd8+ Kg7 34. Nc5 Qf7 35. Qd6 Qf6 36. Qd8 Rf7 37. Qc8 Qf3 38. Ne6+ Kf6 39. Ng5 Qd1+ 40. Kg2 Kg7 41. Nxf7 Qf3+ 42. Kg1 Qd1+ 43. Kh2 g3+ 44. Kxg3 Qg1+ 45. Kf3 Qd1+ 46. Kg2 1-0

[Event "ITA-ch 82nd"]
[Site "Brescia"]
[Date "2023.11.28"]
[Round "1"]
[White "Lodici, Lorenzo"]
[Black "Basso, Pier Luigi"]
[Result "1-0"]
[WhiteElo "2545"]
[BlackElo "2483"]
[PlyCount "61"]
[EventDate "2023.11.28"]
[EventType "tourn"]
[EventRounds "11"]
[EventCountry "ITA"]
[EventCategory "9"]
[SourceTitle "CB50_2023"]
[SourceDate "2023.12.13"]
[SourceVersion "1"]
[SourceVersionDate "2023.12.13"]
[SourceQuality "1"]

1. d4 d5 2. Nc3 c5 3. e4 dxe4 4. d5 Nf6 5. Bg5 Nbd7 6. Qe2 h6 7. Bf4 a6 8. 0-0-0 g6 9. Nxe4 Nxe4 10. Qxe4 Bg7 11. Qe3 Qb6 12. c3 Nf6 13. d6 e6 14. Nf3 Qa5 15. Bc4 Bd7 16. Bb3 b5 17. Qxc5 Rc8 18. Qd4 Nh5 19. Be5 f6 20. Bg3 Nxg3 21. hxg3 0-0 22. Kb1 Kh7 23. g4 e5 24. Qe4 Qd8 25. Ka1 a5 26. g5 fxg5 27. Nxe5 Qe8 28. Rhe1 Rf4 29. Qb7 Rd8 30. Nf7 Rxf7 31. Rxe8 1-0

[Event "EU-chT 24th"]
[Site "Budva"]
[Date "2023.11.18"]
[Round "7.3"]
[White "Sahidi, Samir"]
[Black "Lodici, Lorenzo"]
[Result "0-1"]
[WhiteElo "2464"]
[BlackElo "2550"]
[PlyCount "132"]
[EventDate "2023.11.11"]
[EventType "team-swiss"]
[EventRounds "9"]
[EventCountry "MNE"]
[SourceTitle "CB47_2023"]
[SourceDate "2023.11.22"]
[SourceVersion "1"]
[SourceVersionDate "2023.11.22"]
[SourceQuality "1"]
[WhiteTeam "Slovakia"]
[BlackTeam "Italy"]
[WhiteTeamCountry "SVK"]
[BlackTeamCountry "ITA"]

1. e4 c5 2. Nf3 a6 3. c3 e6 4. d4 d5 5. exd5 exd5 6. Bd3 c4 7. Bc2 Bg4 8. 0-0 Be7 9. Re1 Nf6 10. Nbd2 0-0 11. Nf1 Nc6 12. Bg5 Re8 13. h3 Bh5 14. Ng3 Bg6 15. Ne5 Nxe5 16. dxe5 Bxc2 17. Qxc2 Nd7 18. Bxe7 Rxe7 19. f4 Nc5 20. Nf5 Re6 21. Nd4 Re8 22. Re2 b5 23. Kh2 Qb6 24. Qd2 a5 25. Qe3 b4 26. Rf1 Rad8 27. Nf5 f6 28. Qg3 Qc7 29. Nd6 Rf8 30. Rf3 f5 31. Qe1 Ne4 32. Nb5 Qb6 33. Nd4 a4 34. a3 bxa3 35. bxa3 Rb8 36. Qd1 g6 37. Nc2 Rfd8 38. Nb4 Ra8 39. Qc2 d4 40. cxd4 Rxd4 41. Rf1 Rad8 42. Rc1 Qb5 43. Qb1 Nd2 44. Qc2 Nb3 45. Rf1 c3 46. Ree1 Nd2 47. Rf2 Ne4 48. Rxe4 Rxe4 49. Qxc3 Rc4 50. Qf3 Qc5 51. Re2 Rc3 52. Qb7 Qd4 53. g3 Rc1 54. Qg2 Qc4 55. Qf3 Rdd1 56. Rf2 Rh1+ 57. Qxh1 Rxh1+ 58. Kxh1 Qc1+ 59. Kg2 Qxa3 60. Na2 Kf7 61. Re2 Ke6 62. h4 Qd3 63. Kf2 a3 64. Re3 Qd4 65. Nc3 Qd2+ 66. Kf3 h6 0-1

[Event "EU-chT 24th"]
[Site "Budva"]
[Date "2023.11.12"]
[Round "2.9"]
[White "Ivic, Velimir"]
[Black "Lodici, Lorenzo"]
[Result "1-0"]
[WhiteElo "2557"]
[BlackElo "2550"]
[PlyCount "99"]
[EventDate "2023.11.11"]
[EventType "team-swiss"]
[EventRounds "9"]
[EventCountry "MNE"]
[SourceTitle "CB47_2023"]
[SourceDate "2023.11.22"]
[SourceVersion "1"]
[SourceVersionDate "2023.11.22"]
[SourceQuality "1"]
[WhiteTeam "Serbia"]
[BlackTeam "Italy"]
[WhiteTeamCountry "SRB"]
[BlackTeamCountry "ITA"]

1. e4 e5 2. Nf3 Nc6 3. Bb5 a6 4. Ba4 Nf6 5. 0-0 Nxe4 6. d4 b5 7. Bb3 d5 8. dxe5 Be6 9. c3 Be7 10. h3 0-0 11. Bc2 Qd7 12. Nbd2 f5 13. exf6 Nxf6 14. Re1 Bf5 15. Bxf5 Qxf5 16. Nf1 Rad8 17. Ng3 Qd7 18. a4 Bc5 19. Be3 Bxe3 20. Rxe3 Rfe8 21. Rxe8+ Rxe8 22. b4 Ne5 23. Nxe5 Rxe5 24. axb5 axb5 25. Qd4 Qd6 26. Nf1 Re4 27. Ra8+ Kf7 28. Qd2 Qe5 29. Ne3 d4 30. cxd4 Qxd4 31. Qa2+ Kg6 32. Ra6 c5 33. bxc5 Qxc5 34. Qb1 Qb4 35. Qc2 Kf7 36. Nf5 Re1+ 37. Kh2 Qf4+ 38. g3 Qc1 39. Qb3+ Kg6 40. Qf3 Qd1 41. Nh4+ Kf7 42. Ra7+ Kf8 43. Qb7 Nd7 44. Nf5 g6 45. Ne3 Qd2 46. Qf3+ Ke7 47. Nd5+ Kd6 48. Kg2 Qc1 49. Nf6 Ne5 50. Qd5# 1-0

[Event "Hoogeveen op 26th"]
[Site "Hoogeveen"]
[Date "2023.10.26"]
[Round "7"]
[White "Krishnan, Ritvik"]
[Black "Lodici, Lorenzo"]
[Result "0-1"]
[WhiteElo "2176"]
[BlackElo "2537"]
[PlyCount "76"]
[EventDate "2023.10.21"]
[EventType "swiss"]
[EventRounds "9"]
[EventCountry "NED"]
[SourceTitle "Mega2024 Update 01"]
[Source "Chessbase"]
[SourceDate "2023.11.12"]
[SourceVersion "1"]
[SourceVersionDate "2023.11.12"]
[SourceQuality "1"]

1. Nf3 d5 2. c4 e6 3. g3 Nf6 4. Bg2 c6 5. b3 Nbd7 6. Bb2 Bd6 7. d4 Ne4 8. 0-0 f5 9. Nbd2 Qf6 10. Qc1 0-0 11. e3 g5 12. Ba3 Bxa3 13. Qxa3 g4 14. Nxe4 fxe4 15. Nd2 e5 16. cxd5 cxd5 17. dxe5 Nxe5 18. Qc5 Be6 19. Qd4 Qf5 20. Rac1 Nf3+ 21. Nxf3 gxf3 22. Bh1 Qf6 23. Qb4 b6 24. a4 Rfc8 25. Qd6 Rd8 26. Qb4 Rac8 27. a5 Rxc1 28. Rxc1 Rc8 29. Rd1 Bf7 30. axb6 axb6 31. h4 h5 32. Qe1 Rc2 33. Rc1 Qb2 34. Rxc2 Qxc2 35. b4 Qe2 36. Qc1 Be6 37. Qc3 Qd1+ 38. Kh2 Qf1 0-1

[Event "Hoogeveen op 26th"]
[Site "Hoogeveen"]
[Date "2023.10.24"]
[Round "4"]
[White "Zwirs, Nico"]
[Black "Lodici, Lorenzo"]
[Result "1/2-1/2"]
[WhiteElo "2451"]
[BlackElo "2537"]
[PlyCount "98"]
[EventDate "2023.10.21"]
[EventType "swiss"]
[EventRounds "9"]
[EventCountry "NED"]
[SourceTitle "Mega2024 Update 01"]
[Source "Chessbase"]
[SourceDate "2023.11.12"]
[SourceVersion "1"]
[SourceVersionDate "2023.11.12"]
[SourceQuality "1"]

1. e4 e5 2. Nf3 Nc6 3. Bc4 Nf6 4. d3 Bc5 5. c3 Bb6 6. 0-0 d6 7. Nbd2 Ne7 8. Re1 Ng6 9. d4 0-0 10. Bf1 Re8 11. h3 h6 12. Qc2 c6 13. dxe5 dxe5 14. Nc4 Bc7 15. a4 Nh7 16. g3 Qf6 17. Qe2 b6 18. Ne3 a5 19. b4 axb4 20. cxb4 Ba6 21. b5 Bxb5 22. Ng4 Qe6 23. Qc2 Bxf1 24. Rxf1 h5 25. Ne3 Qxh3 26. Qxc6 Rac8 27. Nf5 Ne7 28. Nxe7+ Rxe7 29. Ba3 Ree8 30. Rac1 Nf6 31. Rfe1 Qd7 32. Qxd7 Nxd7 33. Rc6 Bb8 34. Rec1 Rcd8 35. Kg2 Nf6 36. R1c4 Ng4 37. Bb4 Rd7 38. Rc8 Rdd8 39. R8c6 Ba7 40. Rc2 Rd7 41. Rc7 Rxc7 42. Rxc7 Ra8 43. Be1 f6 44. Nh4 b5 45. axb5 Bb6 46. Rb7 Bc5 47. Rc7 Bb6 48. Rb7 Bc5 49. Rc7 Bb6 1/2-1/2

[Event "Hoogeveen op 26th"]
[Site "Hoogeveen"]
[Date "2023.10.22"]
[Round "2"]
[White "De Boer, Eelke"]
[Black "Lodici, Lorenzo"]
[Result "1/2-1/2"]
[WhiteElo "2327"]
[BlackElo "2537"]
[PlyCount "94"]
[EventDate "2023.10.21"]
[EventType "swiss"]
[EventRounds "9"]
[EventCountry "NED"]
[SourceTitle "Mega2024 Update 01"]
[Source "Chessbase"]
[SourceDate "2023.11.12"]
[SourceVersion "1"]
[SourceVersionDate "2023.11.12"]
[SourceQuality "1"]

1. e4 c5 2. Nf3 e6 3. d4 cxd4 4. Nxd4 Nc6 5. Nc3 d6 6. Be3 Nf6 7. Be2 Be7 8. 0-0 a6 9. f4 Nxd4 10. Bxd4 0-0 11. a4 b6 12. Qe1 Bb7 13. Qg3 Re8 14. Rad1 Qc7 15. Kh1 Rad8 16. Qf2 Nd7 17. f5 Bf6 18. Bh5 Re7 19. Rd3 Bxd4 20. Qxd4 Nf6 21. Bf3 Red7 22. Rfd1 Qc5 23. Qg1 h6 24. Qe1 exf5 25. exf5 Qxf5 26. Bxb7 Rxb7 27. h3 d5 28. Qh4 Rbd7 29. Ne2 Qe4 30. Qf2 Qxa4 31. Qxb6 Qxc2 32. Nd4 Qc8 33. Nf5 Qb7 34. Qd4 Qc6 35. Rg3 g6 36. Nxh6+ Kh7 37. Nf5 Nh5 38. Rg5 f6 39. Rxg6 Kxg6 40. Qg4+ Kh7 41. Qxh5+ Kg8 42. Qg6+ Kh8 43. Rd4 Qc1+ 44. Kh2 Qc7+ 45. Kh1 Qc1+ 46. Kh2 Qc7+ 47. Kh1 Qc1+ 1/2-1/2

[Event "La Giostra della Rocca"]
[Site "Monselice"]
[Date "2023.09.10"]
[Round "7"]
[White "Basso, Pier Luigi"]
[Black "Lodici, Lorenzo"]
[Result "1-0"]
[WhiteElo "2493"]
[BlackElo "2537"]
[PlyCount "35"]
[EventDate "2023.09.10"]
[EventType "tourn"]
[EventRounds "9"]
[EventCountry "ITA"]
[EventCategory "9"]
[SourceTitle "EXT 2024"]
[Source "ChessBase"]
[SourceDate "2023.10.10"]
[SourceVersion "1"]
[SourceVersionDate "2023.10.10"]
[SourceQuality "1"]

1. d4 Nf6 2. c4 e6 3. Nf3 c5 4. d5 exd5 5. cxd5 d6 6. Nc3 g6 7. h3 a6 8. a4 Qe7 9. Bf4 Bg7 10. Nd2 Nh5 11. Bh2 Nd7 12. g4 Nhf6 13. Nc4 Ne5 14. Bxe5 dxe5 15. d6 Qe6 16. e4 h6 17. Nb6 Rb8 18. Bc4 1-0

[Event "Spilimbergo op 21st"]
[Site "Spilimbergo"]
[Date "2023.08.11"]
[Round "4"]
[White "Avila Pavas, Santiago"]
[Black "Lodici, Lorenzo"]
[Result "0-1"]
[WhiteElo "2510"]
[BlackElo "2536"]
[PlyCount "134"]
[EventDate "2023.08.09"]
[EventType "swiss"]
[EventRounds "9"]
[EventCountry "ITA"]
[SourceTitle "CBM 215 Extra"]
[Source "ChessBase"]
[SourceDate "2023.09.30"]
[SourceVersion "1"]
[SourceVersionDate "2023.09.30"]
[SourceQuality "1"]

1. e4 e5 2. Nf3 Nc6 3. Bb5 a6 4. Ba4 Bc5 5. c3 Nge7 6. 0-0 Ng6 7. d4 Ba7 8. Bg5 f6 9. Be3 0-0 10. Nbd2 d6 11. Re1 Kh8 12. h3 Bd7 13. Nf1 exd4 14. cxd4 d5 15. e5 fxe5 16. Bg5 Qe8 17. Bxc6 Bxc6 18. Nxe5 Rf5 19. Qg4 Bd7 20. Nxd7 Qxd7 21. h4 Rf7 22. Qxd7 Rxd7 23. h5 Nf8 24. Rad1 h6 25. Be7 Re8 26. Bxf8 Rxf8 27. Nh2 c5 28. Nf3 Kg8 29. Ne5 Rdd8 30. Ng6 Rf7 31. Rd2 cxd4 32. Rde2 Rc7 33. Kf1 d3 34. Rd2 Bd4 35. Rxd3 Bxb2 36. Ne7+ Kf7 37. Nxd5 Bf6 38. Red1 Rc2 39. Nxf6 Rxd3 40. Rxd3 Kxf6 41. Rb3 Rc7 42. g4 Kg5 43. f3 Kf4 44. Kg2 Rc2+ 45. Kh3 b5 46. Ra3 Rf2 47. Rxa6 Rxf3+ 48. Kh2 Kxg4 49. Rg6+ Kxh5 50. Rxg7 Rf2+ 51. Kg3 Rxa2 52. Rc7 Ra3+ 53. Kf4 Rb3 54. Rc1 Rb2 55. Rh1+ Kg6 56. Rg1+ Kf7 57. Ke5 Re2+ 58. Kf5 Re6 59. Rb1 Rb6 60. Rb4 h5 61. Ke5 Kg6 62. Kd5 Kg5 63. Kc5 Rb8 64. Kd6 h4 65. Kc7 Rh8 66. Rxb5+ Kf4 67. Rb4+ Ke5 0-1

[Event "Spilimbergo op 21st"]
[Site "Spilimbergo"]
[Date "2023.08.10"]
[Round "2"]
[White "Goldbeck, Lars"]
[Black "Lodici, Lorenzo"]
[Result "0-1"]
[WhiteElo "2260"]
[BlackElo "2536"]
[PlyCount "92"]
[EventDate "2023.08.09"]
[EventType "swiss"]
[EventRounds "9"]
[EventCountry "ITA"]
[SourceTitle "CBM 215 Extra"]
[Source "ChessBase"]
[SourceDate "2023.09.30"]
[SourceVersion "1"]
[SourceVersionDate "2023.09.30"]
[SourceQuality "1"]

1. d4 Nf6 2. c4 c5 3. d5 e6 4. Nc3 exd5 5. cxd5 d6 6. Nf3 g6 7. Nd2 Bg7 8. e4 0-0 9. Be2 Na6 10. 0-0 Nc7 11. a4 Re8 12. f3 b6 13. Nc4 Ba6 14. Bg5 Bxc4 15. Bxc4 a6 16. Kh1 h6 17. Bh4 Qd7 18. Qd3 Nh5 19. Qd2 g5 20. Bf2 b5 21. Be2 Nf4 22. Rfe1 b4 23. Nd1 Nxe2 24. Qxe2 Nxd5 25. Qd2 Nb6 26. Ne3 Nxa4 27. Nf5 Re6 28. h4 gxh4 29. Red1 Nxb2 30. Rdc1 Nc4 31. Qa2 Ne5 32. Bxh4 c4 33. Qb2 c3 34. Qxb4 Nd3 35. Qa3 Nxc1 36. Nxg7 Ne2 37. Nxe6 Qxe6 38. Qa4 Rc8 39. Qc2 Nd4 40. Qf2 Nb3 41. Ra2 Kh7 42. Rc2 d5 43. exd5 Qxd5 44. Kh2 Nd4 45. Rc1 c2 46. Bg3 Qc4 0-1

[Event "Rome La Regina op 3rd"]
[Site "Rome"]
[Date "2023.07.30"]
[Round "5"]
[White "Lodici, Lorenzo"]
[Black "Cina`, Vittorio"]
[Result "0-1"]
[WhiteElo "2536"]
[BlackElo "2133"]
[PlyCount "34"]
[EventDate "2023.07.28"]
[EventType "swiss"]
[EventRounds "5"]
[EventCountry "ITA"]
[SourceTitle "CBM 215 Extra"]
[Source "ChessBase"]
[SourceDate "2023.09.30"]
[SourceVersion "1"]
[SourceVersionDate "2023.09.30"]
[SourceQuality "1"]

1. e4 c5 2. Be2 Nc6 3. f4 d5 4. e5 g6 5. Nf3 Bg4 6. Bb5 Rc8 7. h3 Bxf3 8. Qxf3 e6 9. c3 h5 10. g3 Qb6 11. Ba4 Qa6 12. Bc2 Nge7 13. d3 Nf5 14. g4 hxg4 15. hxg4 Nfd4 16. cxd4 Nxd4 17. Rxh8 Nxf3+ 0-1

[Event "Rome La Regina op 3rd"]
[Site "Rome"]
[Date "2023.07.30"]
[Round "4"]
[White "Paduano, Claudio"]
[Black "Lodici, Lorenzo"]
[Result "1-0"]
[WhiteElo "2211"]
[BlackElo "2536"]
[PlyCount "103"]
[EventDate "2023.07.28"]
[EventType "swiss"]
[EventRounds "5"]
[EventCountry "ITA"]
[SourceTitle "CBM 215 Extra"]
[Source "ChessBase"]
[SourceDate "2023.09.30"]
[SourceVersion "1"]
[SourceVersionDate "2023.09.30"]
[SourceQuality "1"]

1. d4 Nf6 2. c4 e6 3. Nf3 b6 4. Nc3 Bb7 5. Bg5 h6 6. Bh4 d6 7. e3 g5 8. Bg3 Nh5 9. Bd3 Bg7 10. 0-0 Nd7 11. Rc1 a6 12. d5 Nxg3 13. fxg3 Qe7 14. dxe6 fxe6 15. Bg6+ Kd8 16. Nd4 Ne5 17. Be4 Bxe4 18. Nxe4 c5 19. Nf3 Kc7 20. Nxe5 Bxe5 21. Qh5 Rh7 22. Qg6 Rah8 23. Rf2 Rg7 24. Qh5 Qe8 25. Qxe8 Rxe8 26. Nf6 Rf8 27. Nd5+ exd5 28. Rxf8 dxc4 29. Rxc4 Bxb2 30. Rc2 Be5 31. Rcf2 Kc6 32. R2f7 Rg6 33. Kf2 g4 34. Ke2 Ba1 35. Rb8 Bc3 36. a4 b5 37. Ra7 b4 38. e4 Re6 39. Kd3 c4+ 40. Kxc4 Rxe4+ 41. Kb3 Re2 42. Rxa6+ Kc7 43. Rbb6 Be5 44. a5 Kd7 45. Rb7+ Ke6 46. Rxb4 Rxg2 47. Ra8 Rxh2 48. a6 Rb2+ 49. Ka3 Rxb4 50. Kxb4 Kd5 51. Rg8 Bd4 52. Rxg4 1-0

[Event "Rome La Regina op 3rd"]
[Site "Rome"]
[Date "2023.07.29"]
[Round "3"]
[White "Lodici, Lorenzo"]
[Black "Pescatore, Lorenzo"]
[Result "1/2-1/2"]
[WhiteElo "2536"]
[BlackElo "2347"]
[PlyCount "139"]
[EventDate "2023.07.28"]
[EventType "swiss"]
[EventRounds "5"]
[EventCountry "ITA"]
[SourceTitle "CBM 215 Extra"]
[Source "ChessBase"]
[SourceDate "2023.09.30"]
[SourceVersion "1"]
[SourceVersionDate "2023.09.30"]
[SourceQuality "1"]

1. d4 Nf6 2. c4 e6 3. g3 Bb4+ 4. Nd2 c5 5. a3 Bxd2+ 6. Qxd2 Ne4 7. Qe3 d5 8. dxc5 Nc6 9. Nf3 Qa5+ 10. Nd2 0-0 11. Rb1 Nxd2 12. Bxd2 Qa4 13. b4 dxc4 14. Bg2 e5 15. 0-0 Re8 16. Rfc1 Bf5 17. Rb2 Qb5 18. Bd5 Be6 19. Bxe6 Rxe6 20. Qc3 Nd4 21. Be3 Nf5 22. Qxc4 Qxc4 23. Rxc4 Nxe3 24. fxe3 a6 25. Rd2 Kf8 26. Rd7 Re7 27. Rd6 Rc7 28. Rb6 Rd8 29. c6 Rxc6 30. Rcxc6 bxc6 31. Rxa6 Rc8 32. Ra5 f6 33. Ra7 c5 34. bxc5 Rxc5 35. Kf2 h6 36. Kf3 Rc4 37. h4 h5 38. Rb7 Rc3 39. a4 Rc4 40. Ra7 Kg8 41. Kf2 Kh7 42. Ke1 Rc2 43. Rb7 Rc4 44. a5 Ra4 45. Ra7 Ra2 46. a6 Kg6 47. e4 Kh7 48. Ra8 Kg6 49. Kf2 Ra3 50. e3 Ra2+ 51. Kf3 Ra4 52. a7 Kh7 53. g4 hxg4+ 54. Kxg4 Rxe4+ 55. Kf5 Ra4 56. h5 Ra5 57. Ke4 Ra4+ 58. Kd5 Ra5+ 59. Kc6 Ra1 60. e4 Rc1+ 61. Kd7 Ra1 62. Ke6 Ra5 63. Ke7 Ra1 64. Kf7 Ra6 65. Ke7 Ra1 66. h6 Kg6 67. Kd7 Kh7 68. Ke7 Kg6 69. Kd7 Kh7 70. Ke7 1/2-1/2

[Event "ITA-chT playoff 54th"]
[Site "Bacoli"]
[Date "2023.05.01"]
[Round "3"]
[White "Fier, Alexandr"]
[Black "Lodici, Lorenzo"]
[Result "1/2-1/2"]
[WhiteElo "2599"]
[BlackElo "2524"]
[PlyCount "56"]
[EventDate "2023.05.01"]
[EventType "team-tourn"]
[EventRounds "4"]
[EventCountry "ITA"]
[SourceTitle "CBM 213 Extra"]
[Source "ChessBase"]
[SourceDate "2023.05.31"]
[SourceVersion "1"]
[SourceVersionDate "2023.05.31"]
[SourceQuality "1"]
[WhiteTeam "Lazio Scacchi"]
[BlackTeam "Arrocco"]
[WhiteTeamCountry "ITA"]
[BlackTeamCountry "ITA"]

1. e4 e5 2. Nf3 Nc6 3. Bc4 Bc5 4. c3 Nf6 5. d3 d6 6. 0-0 a5 7. Re1 0-0 8. h3 Ba7 9. Bb3 h6 10. d4 Re8 11. Bc2 Bd7 12. Be3 exd4 13. cxd4 Nb4 14. Nc3 Nxc2 15. Qxc2 Nxe4 16. Nxe4 Bf5 17. Bf4 Qe7 18. Nfd2 d5 19. Qxc7 Qxc7 20. Bxc7 dxe4 21. Bxa5 Bxd4 22. Bc3 Bxc3 23. bxc3 Rec8 24. Nxe4 Bxe4 25. Rxe4 Rxc3 26. Rb4 Rca3 27. Rxb7 Rxa2 28. Rxa2 Rxa2 1/2-1/2